000 00745nam a2200229 a 4500
001 24329
003 CO-ViMGA
008 141112s2004 ck r 000 u spa d
020 _a9786077743095
040 _aCO-ViMGA
_bspa
_cCO-ViMGA
082 0 4 _a616.075 P678m
245 1 0 _aManual Merck de signos y sintomas del paciente :
_bdiagnostico y tratamiento /
_cdirección Robert S. Porter
260 _aMéxico :
_bEditorial panAméricana,
_c2010
300 _axx, 672 p. : 19 cm
500 _aincluye indice
650 1 4 _aDiagnosis
_935576
650 1 4 _aMedicina clínica - manuales
_924397
650 1 4 _aMedicina interna - manuales
_935577
700 1 _aHomeier, Barbara P.
_935578
700 1 _aKaplan, Justin L.
_935579
942 _2ddc
_cBK
999 _c32317
_d32317